Allied Academies International Conference. proceedings Academy for Economics and Economic Education :

Bibliographic Details
Format: Unknown
Published: Cullowhee [Carolina del Norte] : The DreamCatchers Group
Subjects:
Online Access:Acceso a travš de vLex.

MARC

LEADER 00000ny a22000003n 4500
003 WaSeSS
005 20090107163957.0
006 m d
007 cr n
008 090107u s d
035 |a 5135 
040 |a WaSeSS  |c WaSeSS  |d vLex 
090 |c 1909  |d 1909 
245 0 0 |a Allied Academies International Conference.  |p Academy for Economics and Economic Education :  |b proceedings  |h [Recurso electrn̤ico] 
256 |a Servicio en ln̕ea 
260 |a Cullowhee [Carolina del Norte] :  |b The DreamCatchers Group 
310 |a Semestral 
506 1 |a Contenido solo disponible en los productos indicados  |d vLex Global  |d vLex Global (Academic Edition, excluding Law Schools)  |d vLex Global (U.S. Academic Edition, excluding Law Schools) 
650 0 4 |a Economa̕ polt̕ica  |x Publicaciones perid̤icas 
740 |a vLex Revista (Servicios en ln̕ea) 
843 |a Electrn̤ica. Abierta 
853 |8 1  |i (year)  |j (month)  |k (day) 
856 4 0 |z Acceso a travš de vLex.   |u http://vlex.com/account/login_ip?fuente_id=5135 
942 |c REV